Las 10 provincias de España con mayor altitud media - Estadísticas

Estadísticas generales
  • Esta prueba ha sido intentada 2.056 veces
  • La puntuación promedio es 7 de 10
Estadísticas de respuestas
Altitud media Provincia % Correcto
1080 m León
80%
1077 m Granada
75%
1093 m Soria
75%
932 m Lleida
73%
1055 m Teruel
73%
1131 m Ávila
72%
1020 m Segovia
72%
940 m Palencia
69%
1068 m Guadalajara
63%
958 m Cuenca
62%
No se encontraron pruebas coincidentes
Distribución de puntuación
Porcentaje de gente con cada puntuación
Porcentaje por número respondido
Historial de tus puntuaciones
No has intentado esta prueba.